01607nam a2200313 a 4500001001000000003000900010005001700019007000300036008004100039040003000080041000800110082002500118100002600143245008200169260009700251300002700348504007300375504004100448600008300489650002800572700003400600942001400634952013400648952012500782952012500907952011901032952012501151999001701276000017821DO-SdBNP20250307073709.0ta100406s1992 dr 000 e spa d aDO-SdBNPbspacBNPHUerda hspa aRD864.44bD948zf2221 aDurán, Diony92453713aLa flecha de anhelo /cDiony Durán ; presentación Raymundo Amaro Gúman. a[Santo Domingo :bComisión Organizadora Permanente de la Feria Nacional del Libro,c1992]. a288 páginas;c21 cm. aIncluye referencias bibliográficas y notas al pie de las páginas aIncluye bibliografías : p. 266-28810aHenríquez Ureña, Pedro,d1884-1946 xCrítica e interpretación 91718 0aEnsayos dominicanos9651 aAmaro Guzmán, Raymundo9656 2ddccLBS1 001054708DSaGRbGRcCTd2010-04-06iLF1l0oRD864.44 D948zfp17821-30r2020-06-25te. 3w2020-06-25yLFDSZPréstamo en sala 0010718DSaGRbGRcCTd2019-06-17iLF1l0oRD864.44 D948zfp17821-40r2020-06-25te. 4w2020-06-25yLFDSZNo se presta 0010718DSaGRbGRcCTd2019-06-17iLF1l0oRD864.44 D948zfp17821-50r2020-06-25te. 5w2020-06-25yLFDSZNo se presta 0010718PDaPDbPDcCTd2010-04-06iLF1l0oRD864.44 D948zfp17821-10r2020-06-25w2020-06-25yLFPDZNo se presta 0010718PDaPDbPDcCTd2010-04-06iLF1l0oRD864.44 D948zfp17821-20r2020-06-25te. 2w2020-06-25yLFPDZNo se presta c17345d17345